WWE Royal Rumble 2008 : Tous les participants - Statistiques

Statistiques générales
  • Ce quiz a été pris 258 fois
  • Le résultat moyen est 15 sur 30
Statistiques - réponses
Hint Réponse % Correct
30 John Cena
97%
29 Triple H
96%
1 The Undertaker
94%
2 Shawn Michaels
85%
8 Batista
84%
20 Kane
79%
12 CM Punk
66%
4 The Great Khali
62%
25 Mark Henry
61%
14 Umaga
61%
13 Cody Rhodes
57%
16 The Miz
57%
27 Finlay
51%
19 Roddy Piper
49%
24 Big Daddy V
48%
6 John Morrison
47%
18 Jimmy Snuka
46%
3 Santino Marella
44%
21 Carlito
43%
17 Shelton Benjamin
42%
26 Chavo Guerrero
39%
23 Mr. Kennedy
38%
5 Hardcore Holly
33%
22 Mick Foley
32%
9 Hornswoggle
31%
15 Snitsky
27%
7 Tommy Dreamer
22%
11 Jamie Noble
21%
28 Elijah Burke
18%
10 Chuck Palombo
13%
Aucun quiz correspondant
Distribution des résultats
% des personnes avec chaque résultat
Percentile par nombre de réponses
Votre historique - résultats
Vous n’avez pas pris ce quiz